| 000 | 03196nam a22003257a 4500 | ||
|---|---|---|---|
| 001 | TZ 0032 | ||
| 003 | gtcocun | ||
| 005 | 20251007172526.0 | ||
| 006 | a||||gr|||| 00| 0 | ||
| 007 | ta | ||
| 008 | 251007b2007 gt ||||| m||| 00| 0 eng d | ||
| 040 |
_agtcocun _bSPA _cgtcocun _eRDA |
||
| 041 | _aSPA TZ 0032 | ||
| 084 | _0TZ 0032 | ||
| 100 |
_aLópez Juárez, William Leonel _eAutor |
||
| 245 |
_aINFORME DE ACTIVIDADES DE EXTENSIÓN, SERVICIO E INVESTIGACIÓN, REALIZADAS EN LA MICRO REGIÓN LA BALZA, DEL MUNICIPIO DE SAN LUIS, PETEN./ _cWilliam Leonel López Juárez. _hImpreso |
||
| 264 |
_aCobán, Alta Verapaz: _bUniversidad de San Carlos de Guatemala, Centro Universitario del Norte, Zootecnia _c2007 |
||
| 300 |
_a65 p.: _bIlustraciones, gráficas. _c28 cm; |
||
| 336 |
_2rdacontenido _aTexto _btxt |
||
| 337 |
_2rdamedio _aComputadora _bn |
||
| 338 |
_2rdasoporte _aCódigo en línea _bcr |
||
| 502 | _eTZ 0032 | ||
| 502 |
_aTesis de grado _bZootecnia, _cUniversidad de San Carlos de Guatemala, Centro Universitario del Norte, Zootecnia _d2007 _oTZ 0032 |
||
| 520 | 1 | 4 | _aEn este informe se describen las actividades de extensión y servicio prestadas durante la ejecución del Ejercicio Profesional Supervisado (EPS), realizado en la Micro región La Balza, del Municipio de San Luis, Petèn, durante los meses de febrero a noviembre de 2002. Entre las actividades que se desarrollaron en forma conjunta con los técnicos de la Micro región se mencionan, la asesoría técnica a instituciones locales en la elaboración de perfiles de proyectos tanto, en el área social como productiva que contempla el Programa de Desarrollo Productivo, el cual brindó el apoyo para realizar el Ejercicio Profesional Supervisado. Entre las actividades planificadas se pueden mencionar: Capacitaciones en la introducción a la apicultura, mantenimiento del apiario, principales enfermedades de animales domésticos y actividades pecuarias en especies mayores. También se brindó asesoría técnica en: Control y monitoreo de animales domésticos, consolidación de una empresa pecuaria sostenible, manejo de huertos familiares y organización social. Asimismo se capacitó Formulación y ejecución de proyectos, entre los que se pueden mencionar: De becas, seguridad alimentaria, equipamiento escolar, y en el componente de desarrollo y organización social. Por último se coordinó el Programa de extensión con diferentes actividades y formación de recurso humano. Concluidas las actividades, se alcanzó el objetivo de fortalecer el desarrollo económico productivo de las comunidades que conforman el área de intervención del Programa de Desarrollo Productivo (PDP), a través de las diferentes actividades de extensión y servicio que se realizaron. |
| 650 | 1 | 4 |
_2LEMB _aSan Luis, Peten _xZootecnia _xAsesoría Técnica _xDesarrollo Productivo _xCapacitaciones _xActividades Pecuarias _xConsolidación |
| 700 |
_aLic. Zoot. Julio Antonio Estrada Osorio _eAsesor |
||
| 856 |
_uhttps://drive.google.com/file/d/1A0feQyyKKnxgchU-7K_o9-Du3m1WXQOK/view _yPDF _zUn ejemplar en línea. |
||
| 942 |
_2ddc _cTES _iTZ 0032 _kClasificación _n0 _6TZ_0032_000000000000000 |
||
| 999 |
_c2269 _d2269 |
||